000 00479nam a22001697a 4500
999 _c5727
_d5727
003 GBCCL
005 20241126110548.0
008 180404b ||||| |||| 00| 0 eng d
040 _cgbc
082 _aVER 390.08
_bGUI
100 _aGuite, Tualzathang
_910340
245 _aPupa ngeina daan leh thu tuamtuam /
_cTualzathang Guite
260 _bAuthor,
_aLamka:
_c2012
300 _a142 p.;
_bill.,
_c21 cm.
650 _aCustom
_yPaite
_zIndia
_zNorth East
_910341
942 _2ddc
_cBK
_012